• 首页
  • 本馆介绍
  • 公告通知
  • 最新文献
  • 馆藏检索
  • 电子资源
  • 读者导购
  • 参考咨询
  • 我的图书馆
  • 登录
  • 详细信息显示
  • 放入我的书架
  • 预约/预借图书
  • 作者相关作品
  • 分类相关作品
  • 丛书相关作品
  • 出版社相关作品

书目信息

  • 表格格式
  • 工作单格式
  • 卡片格式
题名:
西方地理通史
    
 
作者: 文聘元 著
分册:  
出版信息: 南昌   江西美术出版社  2020.01
页数: 400页
开本: 23cm
丛书名: 西方通识丛书
单 册:
中图分类: K90-095
科图分类:
主题词: 地理学史--di li xue shi--西方国家
电子资源:
ISBN: 978-7-5480-7095-5
000 01156nam 2200289 450
001 CAL 0120202937761
005 20230217093113.0
010    @a978-7-5480-7095-5@dCNY68.00
100    @a20200313d2020 em y0chiy0120 ea
101 0  @achi
102    @aCN@b360000
105    @ay z 000yy
106    @ar
200 1  @a西方地理通史@Axi fang di li tong shi@d= A general history of Western geography@e了解西方历史先从西方地理开始@f文聘元著@zeng
210    @a南昌@c江西美术出版社@d2020.01
215    @a400页@d23cm
225 2  @a西方通识丛书@Axi fang tong shi cong shu
314    @a文聘元, 哲学学士, 硕士学位。
330    @a《西方地理通史》切入点独特, 极具书卷气和人文气质, 对关注者较为有吸引力。内容包括: 从宇宙到欧洲 ; 自然欧洲 ; 人文欧洲 ; 山水希腊 ; 人文希腊 ; 雅典卫城游等。
410  0 @12001 @a西方通识丛书
510 1  @aGeneral history of Western geography@zeng
517 1  @a了解西方历史先从西方地理开始@Ale jie xi fang li shi xian cong xi fang di li kai shi
606 0  @a地理学史@Adi li xue shi@x西方国家
690    @aK90-095@v5
701  0 @a文聘元@Awen pin yuan@4著
801  0 @aCN@bBJXHZP@c20230228
905    @b1388252-5@dK90-095@e283@f4
    
    西方地理通史= A general history of Western geography:了解西方历史先从西方地理开始/文聘元著.-南昌:江西美术出版社,2020.01
    400页;23cm.-(西方通识丛书)
    
    
    ISBN 978-7-5480-7095-5:CNY68.00
    《西方地理通史》切入点独特, 极具书卷气和人文气质, 对关注者较为有吸引力。内容包括: 从宇宙到欧洲 ; 自然欧洲 ; 人文欧洲 ; 山水希腊 ; 人文希腊 ; 雅典卫城游等。
●
相关链接 在E读中查询图书 在五车中查询图书 在当当中查询图书 在豆瓣中查询图书


正题名:西方地理通史     索取号:K90-095/283         预约/预借

序号 登录号 条形码 馆藏地/架位号 状态 备注
1 1388252   213882529   第二样本阅览室/ [索取号:K90-095/283] 在馆    
2 1388253   213882538   第二借阅区/ [索取号:K90-095/283] 在馆    
3 1388254   213882547   第二借阅区/ [索取号:K90-095/283] 在馆    
4 1388255   213882556   第二借阅区/ [索取号:K90-095/283] 在馆    
唐山师范学院图书馆 欢迎您!
大连网信软件有限公司© 版权所有